1716 1578 1193 1259 1154 1917 1731 1213 1595 1975 1318 1040 1529 1563 1434 1265 1944 1814 1420 1690 1112 1321 1551 1882 1708 1123 1495 1566 1133 1302 1790 1717 1410 1870 1604 1405 1166 1561 1261 1864 1298 1995 1152 1817 1690 1853 1687 1212 1100 1928 1641 1422 1058 1526 1424 1289 1377 1515 1846 1814 1450 1015 1235 1234 1309 1041 1494 1758 1446 1873 1673 1593 1446 1578 1439 1828 1058 1026 1070 1630 1422 1330 1135 1468 1371 1452 1502 1094 1152 1240 1064 1482 1912 1416 1770 1362 1718 1106 1781 BCNSPRNW ULIB Ver.6.0+V

เปลี่ยนเป็นภาษาไทย

Change to English
 แสดงรายละเอียดบรรณานุกรม
  กลับหน้าหลัก

Brief Record : Get Marc (ISO 2709) : E-mail record : QR code < ปิดหน้าต่าง
LEADER : 00000nam 2200000uu 4500
001    13399110563
003     ULIB
008    110603s2553||||th 000 0 tha d
020    9789744141026 (ล.2)
050  4 GV1493^bค333ก 2552 ล.2
100 1  คาเปลลา
245 10 เกมอัจฉริยะ ^nเล่ม 2 =^bIQ puzzles /^cCapella ; ผู้แปล, ปฏิพลตั้งจักรวรานนท์ ; ผู้เรียบเรียง, ธนิกานต์ มาฆะศิรานนท์
246 31 IQ puzzles
250    พิมพ์ครั้งที่ 1
260    กรุงเทพฯ :^bบิสคิต,^c2552-2553
300    เล่ม 2= 136 :^bภาพประกอบ ;^c21 ซม.
591     มี เล่ม 1-2 650 7 ปริศนา
650  7 เกม
650  7 คณิตศาสตร์นันทนาการ
650  7 ตรรกวิทยา
650  7 แบบทดสอบสติปัญญา
700 1  Capella.^tIQ puzzles
700 0  ปฏิพล ตั้งจักรวรานนท์,^eผู้แปล
700 0  ธนิกานต์ มาฆะศิรานนท์,^eผู้เรียบเรียง
945    ^p125^l0^i18203
995    เกษร
999    ^aใช้งานได้ทุกระบบ
รายการนี้ยังไม่มีแท็ก
คุณยังไม่ได้ล็อกอิน คุณสามารถมีกิจกรรมร่วมกับเว็บไซต์ได้ แต่ต้องล็อกอินก่อน ::
  ล็อกอิน

รายการสื่อสารสนเทศ

ลำดับที่ ประเภท เลขเรียก/บาร์โค้ด สถานที่ สถานะ
- ไม่พบข้อมูล -

รายการใกล้เคียง
    ผู้แต่ง [คาเปลลา]

    หัวเรื่อง [เกม]
    หัวเรื่อง [คณิตศาสตร์นันทนาการ]
    หัวเรื่อง [ตรรกวิทยา]
    หัวเรื่อง [แบบทดสอบสติปัญญา]

BibComment


ยังไม่เคยถูกคอมเมนท์

คอมเมนท์ทรัพยากรรายการนี้
  คอมเมนท์: เกมอัจฉริยะ เล่ม..


 Copyright 2026. Bcnsprnw @Library